| 000 | 00548nam a2200181Ia 4500 | ||
|---|---|---|---|
| 999 |
_c21844 _d21844 |
||
| 003 | OSt | ||
| 005 | 20200515090730.0 | ||
| 008 | 190216s9999||||xx |||||||||||||| ||und|| | ||
| 020 | _a9781851684601 | ||
| 040 | _coclc | ||
| 082 |
_a297.65 _bKAR/G |
||
| 100 |
_aKaramustafa, Ahmet T _92273 |
||
| 245 | 0 |
_aGods Unruly Friends / _cAhmet T Karamustafa |
|
| 260 |
_bOneworld Oxford, _c2007. _aEngland: |
||
| 300 | _a158p | ||
| 650 | 0 |
_aHistory & geography _vIslamic History _92271 |
|
| 942 |
_cBK _2ddc _h297.65 _iKAR/G _k297.65 _mKAR/G |
||